000 00592nam a2200229Ia 4500
003 OSt
005 20220923230743.0
006 a|||||r|||| 00| 0
007 ta
008 Pun
024 _a305,299
037 _cTextual
040 _aARTS
_cARTS
_bPun
041 _2Pun
_aPun
082 _aQ8441:33x, 153L7.1
100 _aਅਮੋਲ, ਸ. ਸ.
245 0 _aਨਾਨਕੁ ਬੋਲੈ ਅੰਮ੍ਰਿਤ ਬਾਣੀ
260 _c1977
650 _aਧਰਮ
942 _hQ8441:33x, 153L7.1
_cTEXL
_2CC
999 _c387102
_d387102